Invincible Characters' Real Names - Statistics

General Stats
  • This quiz has been taken 165 times
  • The average score is 8 of 16
Answer Stats
Picture Answer % Correct
Mark Grayson
100%
Nolan Grayson
100%
Debbie Grayson
95%
Oliver Grayson
94%
Samantha Eve Wilkins
67%
Angstrom Levy
63%
Cecil Stedman
61%
Rex Sloan
33%
Amber Bennett
28%
Donald Ferguson
26%
Art Rosenbaum
25%
Katherine "Kate" Cha
25%
Paul Cha
24%
William Clockwell
22%
Rudolph "Rudy" Conners
16%
Zandale Randolph
7%
No matching quizzes found
Score Distribution
Percent of People with Each Score
Percentile by Number Answered
Your Score History
You have not taken this quiz